000 01025nmc a2200349 a 4500
003 AR-BaBNM
005 20251128203001.0
008 297019s1988 ||||||||||||||000 | spa||
020 _a950-43-2111-9
040 _cAR-BaBNM
245 1 0 _aBuenos Aires
_bBelgrano 1855-1960
260 _aBuenos Aires
_bFundación Alfredo Fortabat y Amalia Lacroze de Fortabat
_c1988
300 _a111 p.
_bil., mapas
490 0 _aInventario de patrimonio urbano
_vv. 2
500 _aContiene referencias bibliográficas en p.
650 4 _aARQUITECTURA
650 4 _aHISTORIA DE LA ARQUITECTURA
650 4 _aHISTORIA DE BUENOS AIRES
650 4 _aPARQUES PUBLICOS
650 4 _aURBANISMO
650 4 _aPLANIFICACION URBANA
650 4 _aBARRIOS
651 4 _aBuenos Aires [Capital Federal]
700 1 _aAslan, Liliana
700 1 _aJoselevich, Irene
700 1 _aNovoa, Graciela
700 1 _aSaiegh, Diana
700 1 _aSantaló, Alicia
700 1 _aLuna, Felix
_eprologuista
942 _cBK
998 _cMARTIN
999 _c1370
_d1370